Ochrana a poistenie vkladov bakalárska práca

Enregistré dans:
Détails bibliographiques
Auteur principal: Vendéghová, Zuzana
Collectivité auteur: Národohospodárska fakulta EU. Katedra bankovníctva a medzinárodných financií
Autres auteurs: Dudáková, Nina
Format: Livre
Langue:slovaque
Publié: Bratislava 2011
Tags: Ajouter un tag
Pas de tags, Soyez le premier à ajouter un tag!

MARC

LEADER 00000nam a2200000 4500
001 0155068
005 20240320072111.6
041 0 |a slo 
044 |a SK 
245 1 0 |a Ochrana a poistenie vkladov  |b bakalárska práca  |c Zuzana Vendéghová ; školiteľ: Nina Dudáková 
264 1 |a Bratislava  |c 2011 
300 |a 40 s. 
100 1 |a Vendéghová, Zuzana 
700 1 |a Dudáková, Nina 
710 2 |a Národohospodárska fakulta EU. Katedra bankovníctva a medzinárodných financií